Algebra : an elementary text-book for the higher classes of secondary schools and for colleges
Αποθηκεύτηκε σε:
| Κύριος συγγραφέας: | |
|---|---|
| Μορφή: | Βιβλίο |
| Γλώσσα: | English |
| Δημοσίευση: |
New York :
Chelsea,
1952
|
| Έκδοση: | 6th ed. |
| Θέματα: | |
| Ετικέτες: |
Προσθήκη ετικέτας
Δεν υπάρχουν, Καταχωρήστε ετικέτα πρώτοι!
|
MARC
| LEADER | 00000cam a2200000 i 4500 | ||
|---|---|---|---|
| 001 | 1/96877 | ||
| 008 | 081107s1952 eng d | ||
| 035 | |l 10101505 | ||
| 040 | |a GR-MY-UA |b gre |e aacr | ||
| 041 | 0 | |a eng | |
| 082 | 0 | |a 512 |2 (22) | |
| 100 | 1 | |a Chrystal, G. |q (George), |d 1851-1911. | |
| 245 | 1 | 0 | |a Algebra : |b an elementary text-book for the higher classes of secondary schools and for colleges / |c G. Chrystal |
| 250 | |a 6th ed. | ||
| 260 | |a New York : |b Chelsea, |c 1952 | ||
| 300 | |a 2 τ.; |c 21 εκ. | ||
| 504 | |a Περιέχουν ευρετήριο | ||
| 650 | 0 | 0 | |a Algebra. |
| 852 | |a INST |b SAMOS |c MAG |e 20081107 |h 512 CHR |p 005300029690 |q 005300029690 |t BK |v τ.1: |y 0 |z τ.1 | ||
| 852 | |a INST |b SAMOS |c MAG |e 20081107 |h 512 CHR |p 005300029691 |q 005300029691 |t BK |v τ.2: |y 0 |z τ.2 | ||
| 853 | |a INST |b SAMOS |c MAG |h 512 CHR | ||
| 901 | |a BIBL3-2008-3 | ||
| 909 | |a Σ |b 155289 | ||
| 909 | |a Σ |b 155290 | ||
| 970 | |a ΡΟΥΣΣΟΥ |b ΚΩΝΣΤΑΝΤΙΝΑ |z 2008/11/07 | ||